| 000 | 01417cas a22003977a 4500 | ||
|---|---|---|---|
| 005 | 20220329142035.0 | ||
| 008 | 990412c1984 nl zr p rnn 0 u0b1eng d | ||
| 010 | _a77454 | ||
| 011 | _a78426 | ||
| 022 | 0 | _a1387-3946 | |
| 035 | _a88356 | ||
| 245 | 0 | 0 | _aPig Progress |
| 260 | 0 |
_aDoetinchem, The Netherlands : _bElsevier, _c1984- |
|
| 300 | _av. | ||
| 310 | _a10 nos. por año | ||
| 362 | 1 | _av.15 n.1, 1999 | |
| 590 |
_aBATCH-UPD _b10 _c20130110 _lUCH01 _h0345 |
||
| 590 |
_aBATCH-UPD _b10 _c20130410 _lUCH01 _h0019 |
||
| 590 |
_aBATCH-UPD _b10 _c20130914 _lUCH01 _h1523 |
||
| 590 |
_aCONVERSION _b10 _c20130109 _lUCH01 _h1343 |
||
| 650 | 1 | 4 |
_aGanado porcino _xPublicaciones periódicas. _945400 |
| 866 | _av. 15 n. 1 (1999) - v. 21 n. 9 (2005) | ||
| 866 | _av. 22 n. 1 (2006) - v. 22 n. 3 (2006) | ||
| 866 | _av. 22 n. 5 (2006) - v. 22 n. 10 (2006) | ||
| 866 | _av. 23 n. 1 (2007) - v. 23 n. 10 (2007) | ||
| 866 | _av. 25 n. 1 (2009) - v. 25 n. 10 (2009) | ||
| 866 | _av. 26 n. 4 (2010) - v. 26 n. 6 (2010) | ||
| 866 | _av.14 n.1-3,5-10 - (1998) | ||
| 901 | _aSE | ||
| 905 | _aMarco A. Mendoza T. | ||
| 999 |
_c77454 _d77454 |
||